|
|
|
|
| LEADER |
02421nam a22005295i 4500 |
| 001 |
978-3-540-74008-7 |
| 003 |
DE-He213 |
| 005 |
20151204150444.0 |
| 007 |
cr nn 008mamaa |
| 008 |
100301s2008 gw | s |||| 0|eng d |
| 020 |
|
|
|a 9783540740087
|9 978-3-540-74008-7
|
| 024 |
7 |
|
|a 10.1007/978-3-540-74008-7
|2 doi
|
| 040 |
|
|
|d GrThAP
|
| 050 |
|
4 |
|a QB600-701
|
| 072 |
|
7 |
|a PGS
|2 bicssc
|
| 072 |
|
7 |
|a SCI031000
|2 bisacsh
|
| 082 |
0 |
4 |
|a 523.4
|2 23
|
| 245 |
1 |
0 |
|a Exoplanets
|h [electronic resource] :
|b Detection, Formation, Properties, Habitability /
|c edited by John W. Mason.
|
| 264 |
|
1 |
|a Berlin, Heidelberg :
|b Springer Berlin Heidelberg,
|c 2008.
|
| 300 |
|
|
|a XX, 314 p.
|b online resource.
|
| 336 |
|
|
|a text
|b txt
|2 rdacontent
|
| 337 |
|
|
|a computer
|b c
|2 rdamedia
|
| 338 |
|
|
|a online resource
|b cr
|2 rdacarrier
|
| 347 |
|
|
|a text file
|b PDF
|2 rda
|
| 490 |
1 |
|
|a Springer Praxis Books
|
| 505 |
0 |
|
|a Detection Methods and Properties of Known Exoplanets -- Doppler Exoplanet Surveys: From Single Object to Multiple Objects -- Detection of Extrasolar Planets by Gravitational Microlensing -- Formation and Evolution of Terrestrial Planets in Protoplanetary and Debris Disks -- The Brown Dwarf — Exoplanet Connection -- Close-Orbiting Exoplanets: Formation, Migration Mechanisms and Properties -- Dynamics of Multiple Planet Systems -- Searching for Exoplanets in the Stellar Graveyard -- Formation, Dynamical Evolution, and Habitability of Planets in Binary Star Systems -- Planetary Environmental Signatures for Habitability and Life -- Moons of Exoplanets: Habitats for Life?.
|
| 650 |
|
0 |
|a Earth sciences.
|
| 650 |
|
0 |
|a Planetology.
|
| 650 |
|
0 |
|a Observations, Astronomical.
|
| 650 |
|
0 |
|a Astronomy
|x Observations.
|
| 650 |
|
0 |
|a Astrophysics.
|
| 650 |
|
0 |
|a Space sciences.
|
| 650 |
|
0 |
|a Astrobiology.
|
| 650 |
1 |
4 |
|a Earth Sciences.
|
| 650 |
2 |
4 |
|a Planetology.
|
| 650 |
2 |
4 |
|a Astronomy, Observations and Techniques.
|
| 650 |
2 |
4 |
|a Astrophysics and Astroparticles.
|
| 650 |
2 |
4 |
|a Extraterrestrial Physics, Space Sciences.
|
| 650 |
2 |
4 |
|a Astrobiology.
|
| 700 |
1 |
|
|a Mason, John W.
|e editor.
|
| 710 |
2 |
|
|a SpringerLink (Online service)
|
| 773 |
0 |
|
|t Springer eBooks
|
| 776 |
0 |
8 |
|i Printed edition:
|z 9783540740070
|
| 830 |
|
0 |
|a Springer Praxis Books
|
| 856 |
4 |
0 |
|u http://dx.doi.org/10.1007/978-3-540-74008-7
|z Full Text via HEAL-Link
|
| 912 |
|
|
|a ZDB-2-PHA
|
| 950 |
|
|
|a Physics and Astronomy (Springer-11651)
|